00774cam a22002531 4500001001300000003000400013005001700017008004100034010001700075025001800092035002000110040001900130042001200149050001800161100002000179245003600199260002100235300002500256490006600281504003000347650003100377650003300408810007900441sa 66003960 DLC20260227112239.0840213s1964 pk b 000 0 eng  asa 66003960  aPL480:P-E-834 a(OCoLC)10408025 aDLCcNBuUdDLC apremarc00aZ695.1.P4bK51 aKhurshid, Anis.10aCataloguing of Pakistani names. a[Karachi]c1964. a42, xviii p.c27 cm.1 aUniversity of Karachi Library Science Dept. Occasional papers aBibliography: p. xii-xiv. 0aNames, PersonalzPakistan. 0aNames, Personal (Cataloging)2 aUniversity of Karachi.bDepartment of Library Science.tOccasional papers.